000 002690000a22000970004500
100 1 _aGoheen, Mike (1955- )
245 1 0 _aToward a missiology of western culture
300 _aVol. 8, Núm 2 (1999), Páginas 155-168
773 0 _tEuropean Journal of Theology
942 _cANA
999 _c53990
_d53990